01040nam a2200241Ia 4500001000600000003000900006008004100015040001300056040001300069041001300082100002300095100002900118245009700147245003800244250001100282260001200293260001600305260004900321300005900370500030200429650003600731650003100767A9266IT-RoPAU130308s9999 xx 000 0 und d aIT-RoPAU cIT-RoPAU aITALIANO aDe Carlo Giancarlo gCodice Aut. SPICS: 36660 aForme e contenuti della partecipazione alla elaborazione e a controllo dei programmi edilizi bAnnuario 1978: Eventi del 1976-77 a1a ed. aVENEZIA bLa Biennale c1979 [1° Ed.:1979 - Ed.Ling.Originale:1976] a"9 p. (prefazione: no ; testo: 9 [pagine: 1171-1179])" aDefinizioni della Partecipazione. Presunti Limiti al Processo di Partecipazione. partecipazione nell'Architettura. Significato e Prassi del progetto nell'architettura della Partecipazione. residenza Sovvenzionata. Chi Ha Paura dell'architettura della partecipazione con Fondati e Infondati Motivi. aMANIFESTAZIONI CINEMATOGRAFICHE eCodice materia Spics: 6815